000
00242 a2200109 4500
020
_a
9788489163898
041
_a
spa
100
_a
Stevenson, Robert
245
_a
El extrano caso del dr. jekyll y del sr. hyde
942
_c
BK
999
_c
29799
_d
29797
999
_d
29797